000 01758nam0a2200409 4500
001 RU\NLR\bibl\1727624
005 20250616074530.0
010 _a978-5-903443-45-1
_92000
021 _aRU
_b2010-102115
_96903
035 _a(nilc)RSL-KNO-004870728
035 _a(NLR Aleph) 001718589
090 _a1325257
_c1325257
100 _a20101227d2011 |||y0rusy50 ca
101 0 _arus
102 _aRU
105 _ay zzzz|||||
200 1 _aУпрощенка: учет расходов
_fКрутякова Т. Л., Чвыков И. О.
_gИздат.-консалтинговая группа АС-групп
210 _aМосква
_cАйСи Групп
_d2011
215 _a303 с.
_cтабл.
_d20
225 1 _aПростая упрощенка
606 1 _aНалоговое обложение упрощенное
_yРоссийская Федерация
_92427953
_3RU\NLR\auth\661445390
606 1 _aПредприятия
_xРасходы
_xБухгалтерский учет
_yРоссийская Федерация
_92196886
_3RU\NLR\auth\661320310
606 1 _aПредприятия
_xРасходы
_xНалоговое обложение
_yРоссийская Федерация
_92196890
_3RU\NLR\auth\661320313
686 _aУ052.9(2)226.13,07
_2rubbk
686 _aУ9(2)261.413.3,07
_2rubbk
686 _aУ26(2)141.3
686 _aУ052.9(2)2-148.611
700 1 _aКрутякова
_bТ. Л.
_gТатьяна Леонидовна
_4070
701 1 _aЧвыков
_bИ. О.
_gИгорь Олегович
_4070
801 0 _aRU
_bRuMoRKP
_c20101227
_grcr
801 1 _aRU
_bRuMoRGB
_c20101227
801 2 _aRU
_bNLR
_c20110127
_grcr
830 _aавт. по кн.
942 _cBOOK
980 _aNB
980 _aNBR